000 00408nam a22001817a 4500
003 NUST
020 _a019806232-X
038 _aKhadija
082 _a621.81
_bTHE
100 _aUicker, John J.
_983652
245 _aTheory of Machines and Mechanisms
250 _a3rd ed
260 _aNew York:
_bOxford press,
_c2009.
300 _a709 p. ;
500 _aPaperback.
563 _aPB
942 _cBK
_2ddc
999 _c32760
_d32760